| 000 -LEADER |
| fixed length control field |
00685pam a2200205 a 4500 |
| 020 ## - INTERNATIONAL STANDARD BOOK NUMBER |
| ISBN |
0881677744 |
| 040 ## - CATALOGING SOURCE |
| Transcribing agency |
DLC |
| 082 00 - DEWEY DECIMAL CLASSIFICATION NUMBER |
| Classification number |
616 PAV 1991 C149 Or. |
| 245 04 - TITLE STATEMENT |
| Title |
The ACT cytogenetics laboratory manual. |
| 250 ## - EDITION STATEMENT |
| Edition statement |
2nd ed. / |
| 260 ## - PUBLICATION, DISTRIBUTION, ETC. (IMPRINT) |
| Place of publication |
New York : |
| Name of publisher |
Raven Press, |
| Year of publication |
c1991. |
| 300 ## - PHYSICAL DESCRIPTION |
| Number of Pages |
xiii, 625 p. : |
| Other physical details |
ill. ; |
| Dimensions |
29 cm. |
| 500 ## - GENERAL NOTE |
| General note |
"Also known as the ACT technical manual"--Pref. |
| 500 ## - GENERAL NOTE |
| General note |
Rev. ed. of: Cytogenetics laboratory manual / edited by Marilyn Schaeffer Hack and Helen J. Lawce. [c1980]. |
| 650 #0 - SUBJECT ADDED ENTRY--TOPICAL TERM |
| Topical Term |
Human cytogenetics |
| 650 #2 - SUBJECT ADDED ENTRY--TOPICAL TERM |
| Topical Term |
Cytogenetics |
| 700 1# - ADDED ENTRY--PERSONAL NAME |
| Personal name |
Barch, Margaret J. |
| 710 2# - ADDED ENTRY--CORPORATE NAME |
| Corporate name or jurisdiction name as entry element |
Association of Cytogenetic Technologists. |
| 942 ## - ADDED ENTRY ELEMENTS (KOHA) |
| Koha item type |
ADB |
| 952 ## - LOCATION AND ITEM INFORMATION (KOHA) |
| Withdrawn status [LOCAL, KOHA] |
0 |